000 00953cam a2200409 4500
008 090401t1990 xxu||||| |||| 00| 0 eng d
020 _a040651173X
035 _a(Sirsi) u4520
041 _aeng
050 _a340.0942
100 _aCard, Richard
245 _aLaw for estate management students
250 _a3rd ed.
260 _aLondon
_bButterworths
_c1990
300 _al,695p. ; 25cm.
350 _a19.95
650 _aANIMALS
650 _aCO-OWNERSHIP
650 _aCONTRACT
650 _aCONVEYANCING
650 _aCOVENANTS
650 _aEASEMENTS
650 _aLAND LAW
650 _aLAND REGISTRATION
650 _aLANDLORD AND TENANT
_96252
650 _aLEASES
650 _aLIABILITY
650 _aLICENCES
650 _aMORTGAGES
650 _aNEGLIGENCE
650 _aPROPERTY
650 _aTORT
700 _aMurdoch, John
700 _aSchofield, Peter
942 _n0
948 _c04/03/1997
999 _c86035
_d86035